000 03429nam a22002297a 4500
005 20220916144518.0
008 220916b ||||| |||| 00| 0 eng d
020 _a9788195567621
040 _cAL
041 _akan
082 _223
_aK894.209
_bCHAR
100 _aChannakeshava: ಚನ್ನಕೇಶವ
_957786
245 _aRanga purnana: ರಂಗ ಪುರಾಣ
260 _aBengaluru
_bTheatre Tatkal
_c2022
300 _axii,154p.
_bPB
_c21x14cm.
365 _2Kannada
_aBLCR-000074
_b175.00
_c
_d220.00
_e20%
_f30-08-2022
520 _aರಂಗ ಪುರಾಣ’ ಥಿಯೇಟರ್ ತತ್ಕಾಲ್ ಬುಕ್ಸ್ ನ ಮೂರನೇ ಪ್ರಕಟಣೆ. ಸೃಜನಶೀಲ ಸಾಹಿತ್ಯ, ರಂಗಭೂಮಿ, ಸಿನಿಮಾ ಕೃತಿಗಳ ಪ್ರಕಟಣೆಗಳಿಗಾಗಿ ಹುಟ್ಟಿಕೊಂಡ ಈ ಪ್ರಕಾಶನಕ್ಕೆ, ಚನ್ನಕೇಶವ ಸ್ಥಾಪಕ ಸಂಪಾದಕರು. ಕಳೆದ ಇಪ್ಪತ್ತೈದು ವರ್ಷಗಳಿಂದ ಕನ್ನಡ ರಂಗಭೂಮಿಯಲ್ಲಿ ನಾವು ಹಲವಾರು ಗೆಳೆಯರು ಜೊತೆಗೆ ಸಾಗಿ ಬಂದಿದ್ದೇವೆ. ನಮ್ಮ ಮನಸ್ಸಿಗೆ ಬಂದದ್ದನ್ನು ಮಾಡಿ ಮುಗಿಸುವ ವಿಷಯದಲ್ಲಿ, ನಮ್ಮೆಲ್ಲರಿಗೂ ಬೆಂಬಲವಾಗಿ ನಿಲ್ಲುತ್ತಿದ್ದುದು ಚನ್ನಕೇಶವ! ಅವನು ಜೊತೆಗೂಡಿದನೆಂದರೆ ಆ ಕೆಲಸ ಮುಗಿದಂತೆಯೇ. ಹಾಗೆ ಈ ಪ್ರಕಾಶನದ ಮೂಲಕ ಹಲವು ಪುಸ್ತಕ ಪ್ರಕಟನೆಯ ಯೋಜನೆ ಹಮ್ಮಿಕೊಂಡಿದ್ದೆವು. ಮಧ್ಯದಲ್ಲಿ ಚನ್ನಕೇಶವ ನಮ್ಮನ್ನಗಲಿದ್ದಾನೆ... ಈಗ ಅವನೇ ಬರೆದಿರುವ ‘ರಂಗ ಪುರಾಣ’ವನ್ನು ಪ್ರಕಟಿಸುತ್ತಿದ್ದೇವೆ. ಇದಕ್ಕೆ ನಮ್ಮೊಡನೆ ನಿಂತ, ವಿವೇಕ ಶಾನಭಾಗ, ಕ್ಯಾಥಿ ಪರ್ಕಿನ್ಸ್, ಎಮ್ ಎಸ್ ಜಹಾಂಗೀರ್, ಮೌನೇಶ್ ಬಡಿಗೇರ್, ಪ್ರಕಾಶ್ ಬಾಬು ಎಮ್ ಎಸ್, ಶ್ರೀಧರ ಹೆಗ್ಗೋಡು, ಅರವಿಂದ ನರೇಗಲ್, ನಾಗರಾಜ್ ಪತ್ತಾರ, ಗೀತಾ ಸಿದ್ದಿ, ವಿಜಯಕುಮಾರ್ ಸೀತಪ್ಪಾ, ನವೀನ, ಸಹನಾ, ರಾಜಾರಾಮ್ ಕೆ ಎಸ್, ಪ್ರತೀಕ ಮುಕುಂದ, ಶಿಶಿರ ಕೆ ವಿ, ಲೋಕಚರಿತ ಬಳಗ, ಸತೀಶ್ ನೀನಾಸಮ್, ಕಿರಣ್ ನಾಯಕ್, ರಾಘು ಶಿವಮೊಗ್ಗ, ಗೋಪಾಲಕೃಷ್ಣ ದೇಶಪಾಂಡೆ, ರೇವತಿ ನಾಡಗೀರ ಮತ್ತು ಪ್ರಕಟಿಸಲು ಅನುಮತಿಯಿತ್ತ ಗಿರಿಜಾ ಸಿದ್ದಿ, ಹಾಗೂ ಮಧುರ ಚನ್ನಿಗ ಸುಬ್ಬಣ್ಣ ಅವರಿಗೆ ಧನ್ಯವಾದ ಹೇಳುತ್ತಾ...
650 _aKannada Drama Criticism: ಕನ್ನಡ ನಾಟಕ ವಿಮರ್ಶೆ
_957781
650 _aKannada Literature: ಕನ್ನಡ ಸಾಹಿತ್ಯ
_957782
700 _aCHANNAKESHAVA: ಚನ್ನಕೇಶವ
_957783
942 _2ddc
_cBK
999 _c224612
_d224612